Suďba fantastičeskej gipotezy

Saved in:
Bibliographic Details
Main Author: Dueľ, Igor Iljič (Author)
Format: Book
Language:Russian
Published: Moskva : Znanije, 1985
Tags: Add Tag
No Tags, Be the first to tag this record!

MARC

LEADER 00000nam a22000003a 4500
001 stu86096
005 20150617225629.6
008 040423s1985------------------------rus-d
040 |a STU  |b slo 
041 0 |a rus 
080 |a 55(091) 
100 1 |a Dueľ, Igor Iljič  |4 aut 
245 1 |a Suďba fantastičeskej gipotezy 
260 |a Moskva :  |b Znanije,  |c 1985 
300 |a 191 s 
996 |b E59221  |c E*59221  |l EE03  |s P  |a 0  |w stu86096_0001